Telecommunications cables : (Record no. 175821)

000 -LEADER
fixed length control field 01148 a2200217 4500
003 - CONTROL NUMBER IDENTIFIER
control field Nust
005 - DATE AND TIME OF LATEST TRANSACTION
control field 20221210092058.0
010 ## - LIBRARY OF CONGRESS CONTROL NUMBER
LC control number 97001820
020 ## - INTERNATIONAL STANDARD BOOK NUMBER
International Standard Book Number 0471974102 (alk. paper)
040 ## - CATALOGING SOURCE
Transcribing agency Nust
082 00 - DEWEY DECIMAL CLASSIFICATION NUMBER
Classification number 621.382,HUG
100 1# - MAIN ENTRY--PERSONAL NAME
Personal name Hughes, Harold.
9 (RLIN) 104597
245 10 - TITLE STATEMENT
Title Telecommunications cables :
Remainder of title design, manufacture, and installation /
Statement of responsibility, etc. Harold Hughes.
260 ## - PUBLICATION, DISTRIBUTION, ETC.
Place of publication, distribution, etc. Chichester :
-- New York :
Name of publisher, distributor, etc. John Wiley & Sons,
Date of publication, distribution, etc. c1997.
300 ## - PHYSICAL DESCRIPTION
Extent ix, 358 p. :
Other physical details ill. ;
Dimensions cm.
505 ## - FORMATTED CONTENTS NOTE
Formatted contents note Conductors (Page-1), Insulation (Page-25), Twisting and The Helix (Page-41), Cable Geometry (Page-51), Sheathing (Page-61), Primary Parameters of Lines (Page-77), Transmission Parameters (Page-101),Crosstalk (Page-135), Power Line Interference (Page-169), Stranded Conductors and Braids (Page-191), Installation (Page-205), Electrical Measurements (Page-247), Optical Fiber Transmission (Page-265).
650 #0 - SUBJECT ADDED ENTRY--TOPICAL TERM
Topical term or geographic name entry element Telecommunication Engineering.
856 41 - ELECTRONIC LOCATION AND ACCESS
Materials specified Publisher description
Uniform Resource Identifier <a href="http://www.loc.gov/catdir/enhancements/fy0706/97001820-d.html">http://www.loc.gov/catdir/enhancements/fy0706/97001820-d.html</a>
856 41 - ELECTRONIC LOCATION AND ACCESS
Materials specified Table of contents
Uniform Resource Identifier <a href="http://www.loc.gov/catdir/toc/wiley022/97001820.html">http://www.loc.gov/catdir/toc/wiley022/97001820.html</a>
942 ## - ADDED ENTRY ELEMENTS (KOHA)
Koha item type Reference
Source of classification or shelving scheme
Holdings
Withdrawn status Lost status Source of classification or shelving scheme Damaged status Not for loan Permanent Location Current Location Shelving location Date acquired Full call number Barcode Date last seen Price effective from Koha item type Public note
          Military College of Signals (MCS) Military College of Signals (MCS) General Stacks 12/12/2016 621.382,HUG MCS26742 12/08/2016 12/12/2016 Book Almirah No.35, Shelf No.3
© 2023 Central Library, National University of Sciences and Technology. All Rights Reserved.